[Event "Acropolis 2008"]
[Site "Athens"]
[Date "2008.08.14"]
[Round "6.38"]
[White "Makka, Evanthia"]
[Black "Skiadopoulos, Nikolaos"]
[Result "1/2-1/2"]
[WhiteElo "2099"]
[BlackElo "2210"]
[PlyCount "115"]
[EventDate "2008.08.09"]

1. e4 e6 2. d3 b5 3. f4 Bb7 4. Nf3 Ne7 5. Be3 d5 6. Nbd2 Nd7 7. Ng5 h6 8. Nh3
Nf6 9. e5 Nf5 10. Bf2 Nd7 11. g4 Nh4 12. d4 a6 13. Bd3 c5 14. O-O cxd4 15. Qe1
Be7 16. f5 exf5 17. e6 fxe6 18. Qxe6 Nc5 19. Qe2 Ne4 20. Bxh4 Bxh4 21. Rxf5 Qe7
22. Nf4 Nxd2 23. Qxd2 Qe3+ 24. Qxe3+ dxe3 25. Nxd5 Bf2+ 26. Kf1 O-O-O 27. Nf4
Rhe8 28. Ke2 Kb8 29. Rf7 Rf8 30. Rf5 Bc8 31. h3 Bxf5 32. gxf5 Rf7 33. Ne6 Rd6
34. Nc5 Rc6 35. Ne6 Re7 36. Nf4 Re5 37. Ne6 g5 38. Nf8 Kc7 39. Ne6+ Kd6 40. Nd4
Rc7 41. a4 bxa4 42. Rxa4 a5 43. Nb5+ Rxb5 44. Bxb5 Rxc2+ 45. Kf3 Bg1 46. Be2 h5
47. Rc4 Rxb2 48. f6 Rb7 49. Kg2 Bf2 50. Bxh5 Bh4 51. f7 Rxf7 52. Bxf7 e2 53.
Re4 e1=Q 54. Rxe1 Bxe1 55. Kf3 Kc5 56. Ke2 Bg3 57. Kd3 Kb4 58. Kc2 1/2-1/2

[Event "Acropolis 2008"]
[Site "Athens"]
[Date "2008.08.14"]
[Round "6.39"]
[White "Dounis, Alexandros"]
[Black "Manelidou, Maria"]
[Result "1-0"]
[WhiteElo "2162"]
[BlackElo "1975"]
[PlyCount "95"]
[EventDate "2008.08.09"]

1. Nf3 Nf6 2. g3 b5 3. Bg2 Bb7 4. O-O e6 5. d4 d5 6. b3 Be7 7. c4 bxc4 8. bxc4
dxc4 9. Qa4+ Nbd7 10. Ne5 Bxg2 11. Kxg2 O-O 12. Nc6 Nb6 13. Nxd8 Nxa4 14. Nc6
Bd6 15. Bd2 a5 16. Rc1 Nb6 17. Bxa5 Nfd7 18. Nd2 c3 19. Bxc3 Ra4 20. Nb3 Rfa8
21. Rc2 Nc4 22. Bb4 Na3 23. Bxa3 Rxa3 24. Nc5 Nf6 25. Nb4 Rb8 26. Nbd3 Nd5 27.
Rd1 Nc3 28. Rdd2 Rba8 29. Nb4 Nb5 30. e3 g6 31. Rd3 R3a7 32. Nc6 Rxa2 33. Rxa2
Rxa2 34. Rb3 Na7 35. Rb8+ Kg7 36. Ra8 Rxf2+ 37. Kxf2 Nxc6 38. Nb7 Ne7 39. e4
Bb4 40. Ra4 Bc3 41. Rc4 Bb2 42. Ke3 e5 43. d5 Bd4+ 44. Kd3 Bb2 45. Nc5 f5 46.
Ne6+ Kf7 47. Nxc7 Nc8 48. Nb5 1-0

[Event "Acropolis 2008"]
[Site "Athens"]
[Date "2008.08.14"]
[Round "6.41"]
[White "Margaritis, Fotios"]
[Black "Filippas, Sebastian"]
[Result "1-0"]
[WhiteElo "2220"]
[BlackElo "2240"]
[PlyCount "119"]
[EventDate "2008.08.09"]

1. e4 e5 2. Nf3 Nc6 3. d4 exd4 4. Bc4 Nf6 5. e5 d5 6. Bb5 Ne4 7. Nxd4 Bd7 8.
Bxc6 bxc6 9. O-O Bc5 10. Be3 O-O 11. f3 Ng5 12. f4 Ne4 13. Nd2 Nxd2 14. Qxd2
Bb6 15. b4 Qe7 16. Rae1 a5 17. f5 axb4 18. f6 Qxe5 19. Nxc6 Qc3 20. Ne7+ Kh8
21. Qxc3 bxc3 22. Nxd5 Bxe3+ 23. Rxe3 Rxa2 24. Rxc3 Bb5 25. Rb1 c6 26. Nb4 Raa8
27. fxg7+ Kxg7 28. Nxc6 Bxc6 29. Rxc6 Rfe8 30. Rc7 Re6 31. Rf1 Rf6 32. Rxf6
Kxf6 33. Kf2 Re8 34. Kf3 Re6 35. c4 Kg6 36. c5 Re1 37. h3 h5 38. c6 Re6 39. Kf4
Kg7 40. Rc8 Re2 41. g3 Re6 42. Kf5 Re3 43. Rb8 Rc3 44. Rb6 Rxg3 45. h4 Re3 46.
c7 Rc3 47. Rb7 Rc5+ 48. Ke4 Kf6 49. Kd4 Rc1 50. Kd5 Rd1+ 51. Kc6 Rc1+ 52. Kd7
Kf5 53. c8=Q Rxc8 54. Kxc8 Kg4 55. Rb4+ Kg3 56. Kd7 f5 57. Ke6 f4 58. Kf5 f3
59. Kg5 f2 60. Rf4 1-0

[Event "Acropolis 2008"]
[Site "Athens"]
[Date "2008.08.15"]
[Round "7.3"]
[White "Zubarev, Alexander"]
[Black "Banikas, Hristos"]
[Result "1/2-1/2"]
[WhiteElo "2517"]
[BlackElo "2572"]
[PlyCount "30"]
[EventDate "2008.08.09"]

1. d4 Nf6 2. c4 c5 3. Nf3 cxd4 4. Nxd4 e6 5. Nc3 Nc6 6. a3 Bc5 7. Ndb5 O-O 8.
Bf4 a6 9. Bc7 Qe7 10. Bd6 Bxd6 11. Nxd6 Ne8 12. Nxe8 Rxe8 13. e3 Rd8 14. Bd3 d5
15. cxd5 exd5 1/2-1/2

[Event "Acropolis 2008"]
[Site "Athens"]
[Date "2008.08.15"]
[Round "7.6"]
[White "Graf, Alexander"]
[Black "Atakisi, Umut"]
[Result "1-0"]
[WhiteElo "2621"]
[BlackElo "2388"]
[PlyCount "55"]
[EventDate "2008.08.09"]

1. c4 c5 2. Nf3 Nc6 3. d4 cxd4 4. Nxd4 Nf6 5. Nc3 e6 6. Bg5 Bb4 7. Rc1 Qa5 8.
Bxf6 gxf6 9. a3 Be7 10. e3 Qe5 11. Be2 b6 12. Nxc6 dxc6 13. Bf3 Bb7 14. O-O Bd6
15. g3 Rc8 16. b4 Ke7 17. c5 bxc5 18. Ne4 cxb4 19. Nxd6 Qxd6 20. Qa4 Ba8 21.
axb4 Qb8 22. Qa3 c5 23. Bxa8 Qxa8 24. Rfd1 Rc7 25. Rxc5 Rxc5 26. bxc5 Rc8 27.
c6+ Ke8 28. Rd7 1-0

[Event "Acropolis 2008"]
[Site "Athens"]
[Date "2008.08.15"]
[Round "7.8"]
[White "Kotanjian, Tigran"]
[Black "Rudolf, Anna"]
[Result "1-0"]
[WhiteElo "2578"]
[BlackElo "2337"]
[PlyCount "91"]
[EventDate "2008.08.09"]

1. c4 e6 2. g3 d5 3. Bg2 Nf6 4. Nf3 Be7 5. O-O O-O 6. d4 dxc4 7. Qc2 a6 8. a4
Bd7 9. Qxc4 Bc6 10. Nc3 a5 11. Re1 Bxf3 12. Bxf3 c6 13. e4 Nbd7 14. Be3 Re8 15.
Rad1 Qb6 16. Qa2 Qc7 17. Be2 Bb4 18. Bc4 Nb6 19. Bb3 Bxc3 20. bxc3 Nxe4 21. Bf4
Nd6 22. c4 Rad8 23. c5 Nbc8 24. cxd6 Nxd6 25. d5 cxd5 26. Bxd5 exd5 27. Rxe8+
Rxe8 28. Qxd5 Qc4 29. Qxd6 Qxa4 30. Rb1 h6 31. Qd5 Qc2 32. Rxb7 Qg6 33. Qxa5
Qe4 34. Qb4 Qf3 35. Rb8 Qd1+ 36. Kg2 Qd5+ 37. f3 Rxb8 38. Qxb8+ Kh7 39. Qb1+ f5
40. h4 Kg8 41. Qc2 Qb5 42. Be3 Qe5 43. Qd2 Qf6 44. Qd5+ Kh7 45. Bd4 Qg6 46. Qe5
1-0

[Event "Acropolis 2008"]
[Site "Athens"]
[Date "2008.08.15"]
[Round "7.9"]
[White "Kolev, Atanas"]
[Black "Aloma Vidal, Robert"]
[Result "1-0"]
[WhiteElo "2565"]
[BlackElo "2388"]
[PlyCount "109"]
[EventDate "2008.08.09"]

1. e4 c5 2. Nf3 d6 3. d4 cxd4 4. Nxd4 Nf6 5. Nc3 g6 6. Be3 Bg7 7. f3 Nc6 8. Qd2
O-O 9. Bc4 Bd7 10. Bb3 Nxd4 11. Bxd4 b5 12. a4 bxa4 13. Bxa4 e5 14. Be3 Be6 15.
Rd1 Qa5 16. b3 Rfc8 17. Nd5 Nxd5 18. Qxa5 Nxe3 19. c4 Nxd1 20. Kxd1 Bh6 21. Ke2
f5 22. Rd1 Bf8 23. exf5 gxf5 24. Qa6 Rab8 25. Bb5 Bf7 26. Bc6 Rc7 27. Qa4 Kh8
28. Bd5 Be8 29. Qa3 Rg7 30. Kf1 Bg6 31. Qa4 Re7 32. Re1 Bh6 33. Qc6 Rb6 34.
Qa8+ Re8 35. Qxa7 Reb8 36. c5 dxc5 37. Rxe5 f4 38. Re7 Bg5 39. Re6 Rxe6 40.
Bxe6 Rd8 41. Qa1+ Rd4 42. Bc4 Bf6 43. Qa6 Kg7 44. Qa7+ Kh6 45. Qxc5 Rd1+ 46.
Ke2 Rd8 47. Bd5 Re8+ 48. Be4 Bb2 49. b4 Kg7 50. Qc7+ Bf7 51. Qxf4 Bc4+ 52. Kd2
Bg8 53. Bd5 Rf8 54. Qc7+ Kh8 55. Bxg8 1-0

[Event "Acropolis 2008"]
[Site "Athens"]
[Date "2008.08.15"]
[Round "7.11"]
[White "Rasmussen, Allan Stig"]
[Black "Zhukova, Natalia"]
[Result "0-1"]
[WhiteElo "2519"]
[BlackElo "2489"]
[PlyCount "108"]
[EventDate "2008.08.09"]

1. e4 e6 2. d4 d5 3. Nc3 Bb4 4. e5 c5 5. a3 Bxc3+ 6. bxc3 Ne7 7. Qg4 cxd4 8.
Qxg7 Rg8 9. Qxh7 Qc7 10. Ne2 Nbc6 11. f4 Bd7 12. Qd3 dxc3 13. Rg1 d4 14. g4
O-O-O 15. h4 Nd5 16. Nxd4 Nxd4 17. Qxd4 Bc6 18. Be2 f6 19. h5 Qh7 20. Ra2 Qe7
21. exf6 Nxf6 22. Qxc3 Ne4 23. Qh3 Qc5 24. Qe3 Qa5+ 25. c3 Nxc3 26. Bd2 Rxd2
27. Rxd2 Ne4 28. Bc4 Rd8 29. Bxe6+ Kb8 30. Rgg2 a6 31. h6 Nxd2 32. Rxd2 Rxd2
33. Qxd2 Qxa3 34. Qd8+ Ka7 35. Qd4+ Ka8 36. Qd8+ Ka7 37. Qd4+ Ka8 38. Kd2 Qh3
39. Qd8+ Ka7 40. Qd4+ Ka8 41. Qe3 Qxh6 42. g5 Qh2+ 43. Kc3 Qh1 44. Kd4 Qh8+ 45.
Qe5 Qh2 46. Kc5 Qd2 47. Qf6 Ka7 48. g6 a5 49. Kc4 Bb5+ 50. Kb3 a4+ 51. Ka3 Qd6+
52. Kb2 Bc4 53. f5 a3+ 54. Kc1 Bb3 0-1

[Event "Acropolis 2008"]
[Site "Athens"]
[Date "2008.08.15"]
[Round "7.12"]
[White "Melia, Salome"]
[Black "Mastrovasilis, Athanasios"]
[Result "1/2-1/2"]
[WhiteElo "2416"]
[BlackElo "2518"]
[PlyCount "68"]
[EventDate "2008.08.09"]

1. e4 e5 2. Nf3 Nc6 3. Bb5 a6 4. Ba4 Nf6 5. d3 d6 6. c3 g6 7. Nbd2 Bg7 8. O-O
O-O 9. Re1 Re8 10. d4 b5 11. Bc2 Bb7 12. d5 Nb8 13. c4 c6 14. b3 a5 15. Nf1 b4
16. Ne3 c5 17. g3 Bc8 18. Nh4 Ra7 19. Rb1 Bd7 20. Rb2 a4 21. Bb1 axb3 22. axb3
Ra1 23. Nc2 Ra7 24. f3 Nh5 25. Ne3 Ra1 26. Nc2 Ra7 27. Ne3 Ra1 28. Nc2 Ra6 29.
Ne3 Bf6 30. Nhg2 Ra1 31. Nc2 Ra7 32. Nce3 Ra1 33. Nc2 Ra7 34. Nce3 Ra1 1/2-1/2

[Event "Acropolis 2008"]
[Site "Athens"]
[Date "2008.08.15"]
[Round "7.13"]
[White "Managadze, Nikoloz"]
[Black "Makropoulou, Marina"]
[Result "1-0"]
[WhiteElo "2444"]
[BlackElo "2244"]
[PlyCount "76"]
[EventDate "2008.08.09"]

1. Nf3 Nf6 2. e3 g6 3. d4 Bg7 4. c4 O-O 5. Nc3 c5 6. d5 d6 7. Be2 e6 8. O-O
exd5 9. cxd5 a6 10. a4 b6 11. Nd2 Ne8 12. e4 f5 13. exf5 gxf5 14. f4 Nd7 15.
Ra3 Ndf6 16. h3 Ra7 17. Rb3 Kh8 18. Nc4 Rb7 19. Qc2 b5 20. axb5 axb5 21. Ne3 b4
22. Ba6 c4 23. Nxc4 Rc7 24. Bxc8 Rxc4 25. Bxf5 bxc3 26. bxc3 Nxd5 27. Bxh7 Rxc3
28. Rxc3 Nxc3 29. Bd3 Nd5 30. Qe2 Qh4 31. Kh2 Nef6 32. Qf3 Ne7 33. g4 d5 34.
Bd2 Nh7 35. Qe2 Qf6 36. g5 Qf7 37. g6 Nxg6 38. Qh5 Bd4 1-0

[Event "Acropolis 2008"]
[Site "Athens"]
[Date "2008.08.15"]
[Round "7.14"]
[White "Nikolaidis, Konstantinos"]
[Black "Dembo, Yelena"]
[Result "0-1"]
[WhiteElo "2279"]
[BlackElo "2431"]
[PlyCount "72"]
[EventDate "2008.08.09"]

1. e4 c5 2. Nf3 Nc6 3. d4 cxd4 4. Nxd4 Nf6 5. Nc3 d6 6. Bc4 e6 7. Be3 Be7 8.
Qe2 Bd7 9. O-O-O Rc8 10. f4 Nxd4 11. Bxd4 Qc7 12. Bb5 Bc6 13. e5 dxe5 14. Bxe5
Qa5 15. f5 Bxb5 16. Nxb5 Qxa2 17. fxe6 O-O 18. exf7+ Rxf7 19. Nc3 Qa1+ 20. Nb1
Bf8 21. Bd6 Bxd6 22. Rxd6 Rfc7 23. Qe6+ Kh8 24. Rd2 Qa4 25. Qf5 Ne4 26. c3 Nxd2
27. Kxd2 Rd7+ 28. Kc1 Rcd8 29. Qf3 Rd3 30. Qe2 Qf4+ 31. Kc2 Re3 32. Qb5 Qe4+
33. Kb3 Qxg2 34. Rc1 Qd5+ 35. Qxd5 Rxd5 36. Rf1 Kg8 0-1

[Event "Acropolis 2008"]
[Site "Athens"]
[Date "2008.08.15"]
[Round "7.15"]
[White "Secer, Ata"]
[Black "Zawadzka, Jolanta"]
[Result "1/2-1/2"]
[WhiteElo "2320"]
[BlackElo "2389"]
[PlyCount "85"]
[EventDate "2008.08.09"]

1. e4 e5 2. Nf3 Nc6 3. Bb5 a6 4. Ba4 Nf6 5. O-O b5 6. Bb3 Bc5 7. a4 Bb7 8. d3
d6 9. Nc3 b4 10. Nd5 Na5 11. Ba2 Nxd5 12. Bxd5 c6 13. Ba2 O-O 14. c3 h6 15. Bd2
Qb6 16. Nh4 Bc8 17. Qh5 b3 18. Bb1 Qd8 19. d4 Bb6 20. Bd3 c5 21. d5 c4 22. Be2
Qf6 23. g3 g5 24. Ng2 Qg6 25. Qxg6+ fxg6 26. Be3 Bd8 27. f4 exf4 28. gxf4 gxf4
29. Bxf4 Bb6+ 30. Be3 Bxe3+ 31. Nxe3 Re8 32. Nxc4 Nxc4 33. Bxc4 Rxe4 34. Bd3
Rg4+ 35. Kh1 Bb7 36. c4 Rd4 37. Rf3 Rf8 38. Raf1 Rxf3 39. Rxf3 a5 40. Bf1 Ba6
41. Rxb3 Bxc4 42. Bxc4 Rxc4 43. Rb6 1/2-1/2

[Event "Acropolis 2008"]
[Site "Athens"]
[Date "2008.08.15"]
[Round "7.16"]
[White "Karagiannis, Athanasios"]
[Black "Klokas, Konstantinos"]
[Result "1-0"]
[WhiteElo "2357"]
[BlackElo "2167"]
[PlyCount "89"]
[EventDate "2008.08.09"]

1. d4 c5 2. d5 Nf6 3. Nc3 d6 4. e4 g6 5. Nf3 Bg7 6. Bb5+ Nfd7 7. a4 O-O 8. O-O
Na6 9. Re1 Nc7 10. Bf1 b6 11. Bg5 a6 12. Qd2 Re8 13. Bh6 Bh8 14. Bf4 Bb7 15.
Rad1 Nf6 16. Qc1 Qd7 17. Bg3 b5 18. e5 Nh5 19. axb5 axb5 20. e6 fxe6 21. dxe6
Qc6 22. Ne4 Nxg3 23. Nxg3 Rf8 24. Qg5 Bf6 25. Qg4 Ra4 26. Qh3 Kg7 27. b3 Rb4
28. c4 Rxb3 29. Ne4 d5 30. Nxf6 Rxf6 31. cxd5 Nxd5 32. Ne5 Rxh3 33. Nxc6 Bxc6
34. gxh3 Nf4 35. Rd7 Rxe6 36. Rxe7+ Kf6 37. R7xe6+ Nxe6 38. Ra1 Nd4 39. Ra6 c4
40. Bg2 Ke5 41. Bxc6 Nxc6 42. Rxc6 Kd4 43. Kf1 b4 44. Ke2 b3 45. Kd2 1-0

[Event "Acropolis 2008"]
[Site "Athens"]
[Date "2008.08.15"]
[Round "7.17"]
[White "Tirard, Hugo"]
[Black "Sandalakis, Angelos"]
[Result "1-0"]
[WhiteElo "2461"]
[BlackElo "2341"]
[PlyCount "101"]
[EventDate "2008.08.09"]

1. e4 e5 2. Nf3 Nf6 3. d4 Nxe4 4. Bd3 d5 5. dxe5 Nc6 6. Bf4 Bf5 7. Nbd2 Qd7 8.
O-O O-O-O 9. Re1 Nc5 10. Nb3 Bxd3 11. cxd3 Qg4 12. Be3 Ne6 13. Rc1 Bb4 14. h3
Qh5 15. Bd2 Bxd2 16. Qxd2 g5 17. Rxc6 bxc6 18. Nfd4 Nxd4 19. Nxd4 c5 20. Nc6
Qh6 21. Nxd8 Rxd8 22. Qc1 c4 23. dxc4 d4 24. Rd1 Qg6 25. c5 c6 26. Qc4 d3 27.
Rd2 Kb8 28. b4 Qe6 29. Qxe6 fxe6 30. f3 a5 31. a3 axb4 32. axb4 Kb7 33. Kf2 Rd5
34. Ke3 Rxe5+ 35. Kxd3 Re1 36. Re2 Rd1+ 37. Kc3 Rc1+ 38. Kb3 Rb1+ 39. Ka3 Rg1
40. Rxe6 Rxg2 41. Rh6 Rg3 42. Ka4 Rxf3 43. Rxh7+ Ka6 44. Rc7 Rf6 45. Rxc6+ Rxc6
46. b5+ Kb7 47. bxc6+ Kxc6 48. Kb4 Kd7 49. Kc4 Kc7 50. Kd5 Kd7 51. Ke5 1-0

[Event "Acropolis 2008"]
[Site "Athens"]
[Date "2008.08.15"]
[Round "7.18"]
[White "Fakhiridou, Ekaterini"]
[Black "Grigoriadis, Alexandros"]
[Result "1/2-1/2"]
[WhiteElo "2274"]
[BlackElo "2417"]
[PlyCount "119"]
[EventDate "2008.08.09"]

1. e4 c5 2. Nf3 e6 3. d4 cxd4 4. Nxd4 Nf6 5. Nc3 d6 6. g3 Nc6 7. Bg2 Bd7 8. O-O
Be7 9. Kh1 O-O 10. f4 Nxd4 11. Qxd4 Bc6 12. Be3 Qc7 13. a4 b6 14. h3 Rfd8 15.
b4 e5 16. Qd3 Rac8 17. a5 Ba8 18. Nd5 Bxd5 19. exd5 exf4 20. gxf4 Nd7 21. Be4
h6 22. Bf5 Bf6 23. axb6 axb6 24. Ra6 Ra8 25. Rxa8 Rxa8 26. Qb5 Ra3 27. Qc6 Qb8
28. Bc1 Ra1 29. Kg2 Nf8 30. Be3 Rxf1 31. Kxf1 Bd8 32. Ke2 Bc7 33. Bd3 Qd8 34.
Kd2 Nd7 35. Bd4 Nf6 36. Bxf6 gxf6 37. Qc4 Kf8 38. Qe4 Qa8 39. Bb5 Kg7 40. Bd3
Bd8 41. Qh7+ Kf8 42. Qxh6+ Ke7 43. Qh5 Qa3 44. Qe2+ Kf8 45. Qe4 Qb2 46. Qc4 f5
47. Qc3 Qxc3+ 48. Kxc3 Bh4 49. Kc4 Ke7 50. Kb5 Be1 51. Bxf5 Kd8 52. Kc6 Bxb4
53. Kxb6 Bd2 54. Kc6 Bxf4 55. Bd3 f5 56. Bxf5 Ke7 57. h4 Bg3 58. c4 Kf6 59. h5
Kf7 60. h6 1/2-1/2

[Event "Acropolis 2008"]
[Site "Athens"]
[Date "2008.08.15"]
[Round "7.19"]
[White "Goumas, Georgios"]
[Black "Roy Chowdhury, Saptarshi"]
[Result "0-1"]
[WhiteElo "2276"]
[BlackElo "2411"]
[PlyCount "96"]
[EventDate "2008.08.09"]

1. e4 e6 2. d4 b6 3. Bd3 Bb7 4. Nf3 d6 5. O-O Nd7 6. Re1 g6 7. a4 a6 8. Nbd2
Bg7 9. a5 b5 10. c4 bxc4 11. Nxc4 Ne7 12. Bf4 O-O 13. Rc1 Nf6 14. h4 Rc8 15.
Qb3 Rb8 16. Qc2 Nh5 17. Bh2 Nc6 18. Ncd2 Nb4 19. Qc4 Nxd3 20. Qxd3 Qd7 21. e5
Bh6 22. Rc2 Rfc8 23. exd6 cxd6 24. Nc4 Qb5 25. Bxd6 Ra8 26. Re5 Bd5 27. Rxh5
gxh5 28. Nfe5 Bg7 29. b3 f6 30. Nf3 Rc6 31. Bc5 Bh6 32. b4 Kh8 33. Qb3 Rg8 34.
Qc3 Rc7 35. Ne1 Qc6 36. f3 Rcg7 37. Kf1 Qb5 38. Qd3 Bf4 39. Nd6 Bxd6 40. Qxb5
axb5 41. Bxd6 Rd7 42. Bc5 Bc4+ 43. Kf2 e5 44. dxe5 fxe5 45. a6 Rg6 46. a7 Ra6
47. Rxc4 bxc4 48. b5 Raxa7 0-1

[Event "Acropolis 2008"]
[Site "Athens"]
[Date "2008.08.15"]
[Round "7.20"]
[White "Georgiadis, Ioannis"]
[Black "Simeonidis, Ioannis"]
[Result "1/2-1/2"]
[WhiteElo "2373"]
[BlackElo "2275"]
[PlyCount "32"]
[EventDate "2008.08.09"]

1. e4 d5 2. exd5 Qxd5 3. Nc3 Qa5 4. d4 Nf6 5. Bc4 Bg4 6. f3 Bf5 7. Nge2 e6 8.
Ng3 Bg6 9. Qe2 Nc6 10. Bb5 Bb4 11. Bd2 O-O 12. Bxc6 bxc6 13. Nce4 Nxe4 14. Nxe4
Bxe4 15. fxe4 Bxd2+ 16. Qxd2 Qa6 1/2-1/2

[Event "Acropolis 2008"]
[Site "Athens"]
[Date "2008.08.15"]
[Round "7.23"]
[White "Sigalas, Frangiskos"]
[Black "Sergeev, Aleksander"]
[Result "1/2-1/2"]
[WhiteElo "2242"]
[BlackElo "2354"]
[PlyCount "83"]
[EventDate "2008.08.09"]

1. e4 e5 2. Nf3 Nf6 3. d4 exd4 4. e5 Ne4 5. Qxd4 f5 6. Bc4 Bc5 7. Qxc5 Nxc5 8.
Bg5 Qxg5 9. Nxg5 Nc6 10. f4 h6 11. Nf3 b6 12. Nc3 Bb7 13. O-O-O O-O-O 14. Bd5
Ne6 15. g3 g5 16. Ne2 Ne7 17. Bxb7+ Kxb7 18. Rhg1 Kc8 19. Nfd4 Nxd4 20. Nxd4
Rhg8 21. Rdf1 Rdf8 22. Kd2 a6 23. b4 Rg6 24. c4 d6 25. Kc3 c5 26. bxc5 dxc5 27.
Ne2 Nc6 28. Rd1 Rd8 29. a4 Rgg8 30. Rgf1 g4 31. Rd5 Nb4 32. Rdd1 h5 33. Nc1 Kc7
34. Nb3 Kc6 35. Na1 Kc7 36. Nc2 Nc6 37. Rd5 Ne7 38. Rdd1 Rxd1 39. Rxd1 Rd8 40.
Rxd8 Kxd8 41. Ne3 Kd7 42. Nd5 1/2-1/2

[Event "Acropolis 2008"]
[Site "Athens"]
[Date "2008.08.15"]
[Round "7.24"]
[White "Sandu, Mihaela"]
[Black "Georgiou, Kostantinos"]
[Result "0-1"]
[WhiteElo "2288"]
[BlackElo "2236"]
[PlyCount "50"]
[EventDate "2008.08.09"]

1. e4 c5 2. Nc3 a6 3. f4 b5 4. g3 Bb7 5. Bg2 e6 6. d3 b4 7. Na4 d5 8. exd5 Nf6
9. Qe2 Bxd5 10. Bxd5 Nxd5 11. Nf3 Be7 12. O-O Nc6 13. b3 Bf6 14. Bb2 Nd4 15.
Qf2 Rc8 16. Ne5 O-O 17. Nxc5 Nf5 18. Rfe1 Qc7 19. d4 Be7 20. Re2 Rfe8 21. Nxa6
Qa7 22. Nc5 Rxc5 23. g4 Nh6 24. a4 Nc3 25. Re3 Rxe5 0-1

[Event "Acropolis 2008"]
[Site "Athens"]
[Date "2008.08.15"]
[Round "7.26"]
[White "Stiri, Alexandra"]
[Black "Stefanopoulos, Orestis"]
[Result "1/2-1/2"]
[WhiteElo "2149"]
[BlackElo "2279"]
[PlyCount "94"]
[EventDate "2008.08.09"]

1. e4 c6 2. d4 d5 3. Nc3 dxe4 4. Nxe4 Bf5 5. Ng3 Bg6 6. h4 h6 7. Nf3 Nd7 8. h5
Bh7 9. Bd3 Bxd3 10. Qxd3 e6 11. Bf4 Qa5+ 12. Bd2 Bb4 13. c3 Be7 14. Ne4 Ngf6
15. c4 Qc7 16. O-O-O O-O-O 17. Kb1 Nxe4 18. Qxe4 Nf6 19. Qe2 Bd6 20. g3 Qe7 21.
Ba5 Rd7 22. Ne5 Bxe5 23. dxe5 Rxd1+ 24. Rxd1 Nd7 25. Qg4 Qg5 26. Qd4 Nxe5 27.
f4 Qf5+ 28. Ka1 b6 29. Bc3 Ng4 30. Qd7+ Kb8 31. Qxc6 Rc8 32. Qf3 Rxc4 33. Rd8+
Rc8 34. Rxc8+ Kxc8 35. Qa8+ Kc7 36. Qxa7+ Kc6 37. Qa8+ Kc7 38. a3 Qxh5 39. Bxg7
Qd5 40. Qf8 Qd1+ 41. Ka2 Qd7 42. Bc3 h5 43. b3 Kb7 44. Qg7 Ne3 45. a4 Nf5 46.
Qg8 Qc7 47. Be5 Qc2+ 1/2-1/2

[Event "Acropolis 2008"]
[Site "Athens"]
[Date "2008.08.15"]
[Round "7.28"]
[White "Fernandez, Daniel Howard"]
[Black "Aggelis, Nikolaos"]
[Result "0-1"]
[WhiteElo "2215"]
[BlackElo "2271"]
[PlyCount "96"]
[EventDate "2008.08.09"]

1. e4 e5 2. Nf3 Nc6 3. Nc3 Nf6 4. d4 exd4 5. Nxd4 Bb4 6. Nxc6 bxc6 7. Bd3 d5 8.
exd5 Qe7+ 9. Kf1 cxd5 10. Bg5 c6 11. Qf3 O-O 12. Re1 Qd6 13. a3 Bxc3 14. bxc3
h6 15. Bf4 Qd8 16. h3 Re8 17. Rxe8+ Nxe8 18. Qe3 Be6 19. g4 Nd6 20. Rg1 Nc4 21.
Bxc4 dxc4 22. g5 Qd7 23. gxh6 Bxh3+ 24. Ke1 Bg4 25. Qd4 Re8+ 26. Kd2 Re2+ 27.
Kc1 Qxd4 28. cxd4 c3 29. Kb1 Bf5 30. Rxg7+ Kf8 31. Rg3 Rxc2 32. Bd6+ Ke8 33.
Rg1 Rd2+ 34. Ka1 c2 35. Rc1 Rxd4 36. Bg3 c5 37. Kb2 Rd1 38. Bf4 Kd7 39. Kc3 Kc6
40. Be3 a5 41. Bf4 Kd5 42. Kb2 a4 43. Bg3 Ke6 44. Bf4 Kd7 45. Bg3 Kc6 46. Bf4
Rd3 47. Bg3 Rb3+ 48. Ka2 Rb1 0-1

[Event "Acropolis 2008"]
[Site "Athens"]
[Date "2008.08.15"]
[Round "7.29"]
[White "Kostopoulos, Evangellos"]
[Black "Pavlidis, Anastasios"]
[Result "1/2-1/2"]
[WhiteElo "2150"]
[BlackElo "2270"]
[PlyCount "47"]
[EventDate "2008.08.09"]

1. e4 e5 2. Nf3 Nc6 3. Bb5 a6 4. Ba4 Nf6 5. O-O Be7 6. Re1 b5 7. Bb3 d6 8. h3
Na5 9. d4 exd4 10. e5 dxe5 11. Nxe5 O-O 12. Bd2 b4 13. a3 Bb7 14. Ba2 c5 15.
axb4 cxb4 16. Bg5 Nc6 17. Nd3 a5 18. Nd2 a4 19. Bc4 Ra5 20. Nf3 Ba6 21. Bxa6
Rxa6 22. Bxf6 Bxf6 23. Nc5 Ra8 24. Rxa4 1/2-1/2

[Event "Acropolis 2008"]
[Site "Athens"]
[Date "2008.08.15"]
[Round "7.31"]
[White "Exizoglou, Dimitrios"]
[Black "Pountzas, Hrisanthos"]
[Result "1/2-1/2"]
[WhiteElo "2251"]
[BlackElo "2202"]
[PlyCount "86"]
[EventDate "2008.08.09"]

1. e4 c5 2. Nf3 d6 3. d4 cxd4 4. Nxd4 Nf6 5. Nc3 a6 6. Bg5 e6 7. f4 Nbd7 8. Qf3
Qc7 9. O-O-O b5 10. Bd3 Bb7 11. Bxf6 Nxf6 12. g4 b4 13. Nce2 d5 14. e5 Nd7 15.
Kb1 Bc5 16. Qh3 Qb6 17. Nb3 Be3 18. Rhf1 O-O-O 19. Qg3 g6 20. h3 h5 21. f5 h4
22. Qh2 gxf5 23. gxf5 a5 24. fxe6 fxe6 25. Nf4 a4 26. Nxe6 axb3 27. Nxd8 bxa2+
28. Ka1 Kxd8 29. Bf5 Re8 30. e6 Rxe6 31. Bxe6 Qxe6 32. Rfe1 Qb6 33. Qe2 Bg5 34.
Qh5 Bf6 35. Rxd5 Bxd5 36. Qxd5 Qc5 37. Qd2 Kc7 38. Re4 Be7 39. Qe2 Qg1+ 40.
Kxa2 Qa7+ 41. Kb1 Qg1+ 42. Ka2 Qa7+ 43. Kb1 Qg1+ 1/2-1/2

[Event "Acropolis 2008"]
[Site "Athens"]
[Date "2008.08.15"]
[Round "7.32"]
[White "Saravanan, V."]
[Black "Kordis, Konstantinos"]
[Result "1-0"]
[WhiteElo "2405"]
[BlackElo "2216"]
[PlyCount "49"]
[EventDate "2008.08.09"]

1. Nf3 Nf6 2. c4 g6 3. Nc3 Bg7 4. e4 d6 5. d4 O-O 6. Be2 Na6 7. O-O Qe8 8. Re1
e5 9. Bf1 Nh5 10. h3 c6 11. Be3 f5 12. exf5 e4 13. f6 exf3 14. fxg7 Nxg7 15. g3
Qf7 16. Qd2 Nf5 17. Ne4 Nc7 18. Bf4 Ne8 19. Ng5 Qg7 20. Nxf3 g5 21. Bxg5 Nf6
22. Bxf6 Qxf6 23. Bg2 Kh8 24. Re4 Rg8 25. Rf4 1-0

[Event "Acropolis 2008"]
[Site "Athens"]
[Date "2008.08.15"]
[Round "7.35"]
[White "Stefanidi, Maria-Anna"]
[Black "Karlovich, Anastazia"]
[Result "0-1"]
[WhiteElo "2095"]
[BlackElo "2242"]
[PlyCount "66"]
[EventDate "2008.08.09"]

1. g3 d5 2. d4 Bf5 3. Bg2 e6 4. Nf3 Nd7 5. O-O h6 6. Re1 Ngf6 7. Nc3 Bb4 8. Bd2
Bh7 9. b3 O-O 10. a3 Be7 11. Bf4 Rc8 12. b4 Nb6 13. Nd2 g5 14. Be3 Ng4 15. Nb3
Nxe3 16. fxe3 Nc4 17. Qc1 b6 18. e4 dxe4 19. Nxe4 f5 20. Ned2 Ne3 21. Bc6 f4
22. Ne4 Nf5 23. Rd1 fxg3 24. hxg3 Bd6 25. Kg2 Bxg3 26. Rd3 Bf4 27. e3 Nh4+ 28.
Kh1 Bd6 29. c4 Qe7 30. Qg1 Rf3 31. Qg4 Bf5 32. Nxd6 Bxg4 33. Nxc8 Qf8 0-1

[Event "Acropolis 2008"]
[Site "Athens"]
[Date "2008.08.15"]
[Round "7.37"]
[White "Iordanidou, Zoi"]
[Black "Margaritis, Fotios"]
[Result "0-1"]
[WhiteElo "2060"]
[BlackElo "2220"]
[PlyCount "120"]
[EventDate "2008.08.09"]

1. e4 c5 2. d3 Nc6 3. g3 b6 4. Bg2 Bb7 5. Nd2 e6 6. Ngf3 Nf6 7. O-O d5 8. Re1
Be7 9. c3 Qc7 10. Qc2 O-O-O 11. a3 h5 12. h4 dxe4 13. dxe4 Ng4 14. Qa4 a6 15.
b4 c4 16. b5 Na5 17. Nd4 Bc5 18. Re2 Rxd4 19. cxd4 Bxd4 20. Ra2 Qc5 21. Nf3
axb5 22. Qb4 Nb3 23. Nxd4 Nxd4 24. Re1 Ne5 25. Qc3 Nd3 26. Rd1 Nxc1 27. Rxc1
Ba6 28. Kh1 e5 29. Re1 Rd8 30. Bf3 g6 31. Bg2 Kc7 32. Kh2 Rd6 33. Kh1 Bb7 34.
Re3 Rf6 35. Kg1 Rd6 36. Bf1 Ba6 37. Bg2 Kd8 38. Kh1 Ne6 39. Kh2 Rd4 40. Bh3 Ke7
41. Ra1 Bb7 42. f3 Bc6 43. Rb1 Nc7 44. Bg2 Qd6 45. Rbe1 Na6 46. f4 exf4 47. e5
fxg3+ 48. Kg1 Qc5 49. Bxc6 Rd3 50. Qc1 Rxe3 51. Qxe3 Qxc6 52. Qg5+ Kf8 53. Qxg3
Nc5 54. Re3 Qd7 55. Kh2 Qd2+ 56. Kh3 Nd3 57. Rf3 Qe2 58. Re3 Qf1+ 59. Kh2 Nf2
60. Qg5 Ng4+ 0-1